The art of flight instruction /

Bibliographic Details
Main Author: Bailly, Edward Cashman, 1907-
Format: Book
Language:English
Published: New York and London : Harper & brothers, [1947]
Subjects:

MARC

Tag First Indicator Second Indicator Subfields
LEADER 00000cam a2200000 4500
001 in00000096406
005 20150925090216.0
008 750725s1947 eng u
010 |a  47002286  
035 |a (OCoLC)01477502 
035 |9 AAL2376AM 
040 |c JPL  |d TXA  |d UtOrBLW 
049 |a TXAM  |c 1 [372518]  |c 2 [141693] 
050 0 0 |a TL712  |b .B3 
082 0 |a 629.13 
100 1 |a Bailly, Edward Cashman,  |d 1907- 
245 1 4 |a The art of flight instruction /  |c [by] Edward C. Bailly, jr. Foreword by Wolfgang Langewiesche. 
264 1 |a New York and London :  |b Harper & brothers,  |c [1947] 
300 |a ix pages, 1 leaf, 222 pages ;  |c 21 cm. 
336 |a text  |b txt  |2 rdacontent 
337 |a unmediated  |b n  |2 rdamedia 
338 |a volume  |b nc  |2 rdacarrier 
500 |a "First edition." 
650 0 |a Flight training. 
999 |a MARS 
999 f f |s 93389652-c6b6-38b6-b6e1-479e5791cb9f  |i 31a4a5ea-d046-35f2-b7c5-fd5faf081caa  |t 0 
952 f f |p ric  |a Texas A&M University  |b Rellis Campus  |c Joint Library Facility  |d Remote Storage  |t 0  |e TL712 .B3  |h Library of Congress classification  |i unmediated -- volume  |m A14805551469 
998 f f |a TL712 .B3  |t 0  |l Remote Storage